000
00236nam a22001097a 4500
082
_a
407MUN
100
_a
Munby
245
_a
Communicative syllbus design
260
_a
London
_b
Cambridge university
_c
1988
300
_a
232p
942
_c
BK
999
_c
14929
_d
14929